[Event "7. Arber-Senioren-Cup 2019"]
[Site "Bodenmais"]
[Date "2019.07.28"]
[Round "2.17"]
[White "Korte, Markus"]
[Black "Wolff, Peter"]
[Result "1-0"]
[WhiteElo "2028"]
[BlackElo "1915"]
[Annotator "NA RC"]
[PlyCount "195"]
[EventDate "2019.07.27"]
[EventType "swiss"]
[EventCountry "GER"]
[SourceTitle "playchess.com"]
[Source "ChessBase"]
[SourceQuality "1"]
[TimeControl "5400+30"]

1. e4 {[%emt 0:00:00]} c6 {[%emt 0:00:00]} 2. d4 {[%emt 0:00:00]} d5 {[%emt 0:00:00]} 3. Nc3 {[%emt 0:00:00]} dxe4 {[%emt 0:00:00]} 4. Nxe4 {[%emt 0:00:00]} Bf5 {[%emt 0:00:00]} 5. Ng3 {[%emt 0:00:00]} Bg6 {[%emt 0:00:00]} 6. Nf3 {[%emt 0:00:00]} Nd7 {[%emt 0:00:00]} 7. Bc4 {[%emt 0:00:00]} e6 {[%emt 0:00:00]} 8. O-O {[%emt 0:00:00]} Ngf6 {[%emt 0:00:00]} 9. Re1 {[%emt 0:00:00]} Be7 {[%emt 0:00:00]} 10. Nh4 {[%emt 0:00:00]} O-O {[%emt 0:00:00]} 11. Nxg6 {[%emt 0:00:00]} hxg6 {[%emt 0:00:00]} 12. c3 {[%emt 0:00:00]} Nb6 {[%emt 0:00:00]} 13. Bf1 {[%emt 0:00:00]} c5 {[%emt 0:00:00]} 14. Be3 {[%emt 0:00:00]} Nbd5 {[%emt 0:00:00]} 15. Bg5 {[%emt 0:00:00]} cxd4 {[%emt 0:00:00]} 16. Qxd4 {[%emt 0:00:00]} Qb6 {[%emt 0:00:00]} 17. Qxb6 {[%emt 0:00:00]} Nxb6 {[%emt 0:00:00]} 18. a4 {[%emt 0:00:00]} a5 {[%emt 0:00:25]} 19. Be2 {[%emt 0:10:06]} Rfd8 {[%emt 0:07:56]} 20. Bf3 {[%emt 0:07:10]} Rd7 {[%emt 0:00:55]} 21. Re5 {[%emt 0:02:39]} Nfd5 {[%emt 0:09:07]} 22. Bxe7 {[%emt 0:03:23]} Rxe7 {[%emt 0:05:37]} 23. Rae1 {[%emt 0:05:19]} Rc7 {[%emt 0:02:42]} 24. R1e2 {[%emt 0:12:33]} Rd8 {[%emt 0:15:38]} 25. h3 {[%emt 0:17:32]} Nc4 {[%emt 0:12:36]} 26. R5e4 {[%emt 0:06:59]} Nf6 {[%emt 0:03:31]} 27. Rh4 {[%emt 0:07:27]} Nd2 {[%emt 0:04:11]} 28. Re5 {[%emt 0:03:47]} Nxf3+ {[%emt 0:02:12]} 29. gxf3 {[%emt 0:00:02]} Rd5 {[%emt 0:01:15]} 30. Rxd5 {[%emt 0:01:27]} Nxd5 {[%emt 0:00:42]} 31. Rd4 {[%emt 0:01:04]} Kf8 {[%emt 0:04:13]} 32. Ne4 {[%emt 0:07:44]} Ke7 {[%emt 0:03:46]} 33. Nd2 {[%emt 0:02:52]} Nb6 {[%emt 0:03:20]} 34. Rg4 {[%emt 0:04:37]} Kf6 {[%emt 0:11:02]} 35. Ne4+ {[%emt 0:03:02]} Ke7 {[%emt 0:00:21]} 36. Nd2 {[%emt 0:00:21]} Kf6 {[%emt 0:00:58]} 37. Kf1 {[%emt 0:01:26]} Nd5 {[%emt 0:04:47]} 38. Ke2 {[%emt 0:02:11]} Ke7 {[%emt 0:05:31]} 39. Nb3 {[%emt 0:02:06]} b6 {[%emt 0:01:30]} 40. Nd2 {[%emt 0:01:48]} f5 {[%emt 0:02:14]} 41. Rh4 {[%emt 0:00:56]} g5 {[%emt 0:00:59]} 42. Rh8 {[%emt 0:00:55]} Rc6 {[%emt 0:02:00]} 43. h4 {[%emt 0:01:04]} gxh4 {[%emt 0:00:33]} 44. Rxh4 {[%emt 0:00:10]} g5 {[%emt 0:00:20]} 45. Rh7+ {[%emt 0:00:13]} Kf6 {[%emt 0:00:11]} 46. Rh6+ {[%emt 0:01:26]} Kg7 {[%emt 0:00:14]} 47. Rh2 {[%emt 0:00:20]} e5 {[%emt 0:00:56]} 48. Kd1 {[%emt 0:00:27]} Nf4 {[%emt 0:00:26]} 49. Kc2 {[%emt 0:00:30]} Rc5 {[%emt 0:02:06]} 50. Rh1 {[%emt 0:00:35]} Ne2 {[%emt 0:00:45]} 51. Kb3 {[%emt 0:00:23]} Nf4 {[%emt 0:01:00]} 52. Nc4 {[%emt 0:00:47]} Nd5 {[%emt 0:01:06]} 53. Nd6 {[%emt 0:00:19]} Ne7 {[%emt 0:00:22]} 54. Rd1 {[%emt 0:00:33]} Kg6 {[%emt 0:00:41]} 55. Nc4 {[%emt 0:00:23]} Kf7 {[%emt 0:00:45]} 56. Rd7 {[%emt 0:00:17]} Ke8 {[%emt 0:00:30]} 57. Rb7 {[%emt 0:00:44]} e4 {[%emt 0:00:30]} 58. Nd6+ {[%emt 0:00:12]} Kf8 {[%emt 0:00:14]} 59. fxe4 {[%emt 0:00:30]} f4 {[%emt 0:00:42]} 60. Rxb6 {[%emt 0:00:58]} g4 {[%emt 0:00:08]} 61. Rb8+ {[%emt 0:01:06]} Kg7 {[%emt 0:00:27]} 62. Re8 {[%emt 0:00:39]} Ng6 {[%emt 0:00:53]} 63. Nf5+ {[%emt 0:00:39]} Kf6 {[%emt 0:00:31]} 64. Rd8 {[%emt 0:00:49]} Re5 {[%emt 0:00:38]} 65. Rd6+ {[%emt 0:00:51]} Kg5 {[%emt 0:00:12]} 66. Rd4 {[%emt 0:00:51]} Nh4 {[%emt 0:00:25]} 67. Nd6 {[%emt 0:00:47]} Kh5 {[%emt 0:00:29]} 68. Nc4 {[%emt 0:00:07]} Re6 {[%emt 0:00:28]} 69. Rd5+ {[%emt 0:00:10]} Kh6 {[%emt 0:00:24]} 70. e5 {[%emt 0:00:15]} Nf5 {[%emt 0:00:28]} 71. Nd6 {[%emt 0:00:24]} Kg6 {[%emt 0:00:30]} 72. c4 {[%emt 0:00:25]} g3 {[%emt 0:00:36]} 73. fxg3 {[%emt 0:00:04]} fxg3 {[%emt 0:00:04]} 74. Ne4 {[%emt 0:00:27]} g2 {[%emt 0:00:19]} 75. Rd1 {[%emt 0:00:14]} Rxe5 {[%emt 0:00:15]} 76. Rg1 {[%emt 0:01:02]} Ne3 {[%emt 0:00:30]} 77. Ng3 {[%emt 0:01:17]} Rc5 {[%emt 0:00:37]} 78. Ne2 {[%emt 0:00:10]} Kg5 {[%emt 0:00:49]} 79. Kc3 {[%emt 0:00:17]} Rf5 {[%emt 0:00:53]} 80. Kd3 {[%emt 0:00:55]} Rf3 {[%emt 0:00:42]} 81. Ke4 {[%emt 0:00:16]} Kg4 {[%emt 0:00:12]} 82. c5 {[%emt 0:00:41]} Rh3 {[%emt 0:00:57]} 83. c6 {[%emt 0:00:14]} Nf1 {[%emt 0:00:43]} 84. Rxg2+ {[%emt 0:00:29]} Kh4 {[%emt 0:00:02]} 85. c7 {[%emt 0:00:43]} Re3+ {[%emt 0:00:17]} 86. Kf4 {[%emt 0:00:27]} Re8 {[%emt 0:00:13]} 87. Rg7 {[%emt 0:00:26]} Rf8+ {[%emt 0:00:17]} 88. Ke5 {[%emt 0:00:12]} Nd2 {[%emt 0:00:23]} 89. Rd7 {[%emt 0:00:17]} Nc4+ {[%emt 0:00:12]} 90. Kd4 {[%emt 0:00:31]} Nb6 {[%emt 0:00:34]} 91. Rd8 {[%emt 0:00:14]} Rf2 {[%emt 0:00:54]} 92. Ke3 {[%emt 0:00:48]} Rf6 {[%emt 0:01:02]} 93. c8=Q {[%emt 0:01:06]} Nxc8 {[%emt 0:00:06]} 94. Rxc8 {[%emt 0:00:05]} Rb6 {[%emt 0:00:07]} 95. Rc2 {[%emt 0:00:41]} Rb3+ {[%emt 0:00:22]} 96. Kd2 {[%emt 0:00:50]} Kg4 {[%emt 0:00:17]} 97. Rc4+ {[%emt 0:00:08]} Kh3 {[%emt 0:00:26]} 98. Rc3+ {[%emt 0:00:08]} 1-0

[Event "7. Arber-Senioren-Cup 2019"]
[Site "Bodenmais"]
[Date "2019.07.28"]
[Round "2.18"]
[White "Cordts, Elof"]
[Black "Greul, Hans"]
[Result "0-1"]
[WhiteElo "1710"]
[BlackElo "2009"]
[Annotator "NA RC"]
[PlyCount "94"]
[EventDate "2019.07.27"]
[EventType "swiss"]
[EventCountry "GER"]
[SourceTitle "playchess.com"]
[Source "ChessBase"]
[SourceQuality "1"]
[TimeControl "5400+30"]

1. e4 {[%emt 0:00:00]} e6 {[%emt 0:00:00]} 2. d4 {[%emt 0:00:00]} d5 {[%emt 0:00:00]} 3. exd5 {[%emt 0:00:00]} exd5 {[%emt 0:00:00]} 4. Nc3 {[%emt 0:00:00]} Nf6 {[%emt 0:00:00]} 5. Bd3 {[%emt 0:00:00]} Bb4 {[%emt 0:00:00]} 6. a3 {[%emt 0:00:00]} Bxc3+ {[%emt 0:00:00]} 7. bxc3 {[%emt 0:00:00]} O-O {[%emt 0:00:00]} 8. Ne2 {[%emt 0:00:00]} Bg4 {[%emt 0:00:00]} 9. f3 {[%emt 0:00:00]} Bh5 {[%emt 0:00:00]} 10. O-O {[%emt 0:00:00]} Nbd7 {[%emt 0:00:00]} 11. Nf4 {[%emt 0:00:00]} c5 {[%emt 0:00:00]} 12. a4 {[%emt 0:00:00]} Qc7 {[%emt 0:00:00]} 13. Re1 {[%emt 0:00:00]} Rfe8 {[%emt 0:00:00]} 14. Be3 {[%emt 0:00:57]} Rxe3 {[%emt 0:00:00]} 15. Rxe3 {[%emt 0:22:17]} Qxf4 {[%emt 0:00:00]} 16. Qd2 {[%emt 0:00:09]} Qd6 {[%emt 0:00:00]} 17. Rae1 {[%emt 0:00:53]} Bg6 {[%emt 0:00:00]} 18. Kh1 {[%emt 0:15:27]} Rc8 {[%emt 0:00:00]} 19. g4 {[%emt 0:02:15]} cxd4 {[%emt 0:00:00]} 20. cxd4 {[%emt 0:00:21]} Nf8 {[%emt 0:01:36]} 21. g5 {[%emt 0:05:54]} N6d7 {[%emt 0:00:58]} 22. Qa5 {[%emt 0:04:45]} Bxd3 {[%emt 0:03:40]} 23. cxd3 {[%emt 0:02:38]} Rc2 {[%emt 0:00:36]} 24. R3e2 {[%emt 0:01:07]} Rxe2 {[%emt 0:00:52]} 25. Rxe2 {[%emt 0:00:10]} b6 {[%emt 0:18:29]} 26. Qd2 {[%emt 0:10:35]} Ne6 {[%emt 0:00:38]} 27. Qe3 {[%emt 0:02:53]} Qb4 {[%emt 0:06:10]} 28. f4 {[%emt 0:04:50]} Ndf8 {[%emt 0:03:46]} 29. f5 {[%emt 0:06:13]} Nxd4 {[%emt 0:00:58]} 30. Rf2 {[%emt 0:00:39]} Qc5 {[%emt 0:03:58]} 31. g6 {[%emt 0:10:20]} hxg6 {[%emt 0:12:33]} 32. fxg6 {[%emt 0:02:40]} f6 {[%emt 0:00:50]} 33. Qe8 {[%emt 0:02:01]} Qc7 {[%emt 0:04:46]} 34. Kg2 {[%emt 0:02:45]} Qd7 {[%emt 0:01:36]} 35. Qa8 {[%emt 0:01:17]} Nde6 {[%emt 0:06:21]} 36. Rf5 {[%emt 0:01:27]} Nc7 {[%emt 0:01:05]} 37. Qxa7 {[%emt 0:01:46]} Qxf5 {[%emt 0:00:16]} 38. Qxc7 {[%emt 0:00:09]} Qxg6+ {[%emt 0:00:07]} 39. Kf2 {[%emt 0:00:16]} Qxd3 {[%emt 0:00:55]} 40. Qxb6 {[%emt 0:00:12]} Qc2+ {[%emt 0:00:12]} 41. Kf1 {[%emt 0:00:33]} Qxa4 {[%emt 0:00:12]} 42. Qd6 {[%emt 0:00:10]} Qe4 {[%emt 0:00:42]} 43. h4 {[%emt 0:00:25]} Qe5 {[%emt 0:00:42]} 44. Qc5 {[%emt 0:00:42]} Ng6 {[%emt 0:00:25]} 45. Qc8+ {[%emt 0:00:35]} Kh7 {[%emt 0:00:08]} 46. Qd7 {[%emt 0:00:31]} Nxh4 {[%emt 0:00:39]} 47. Qh3 {[%emt 0:00:16]} Qf5+ {[%emt 0:00:29]} 0-1

[Event "7. Arber-Senioren-Cup 2019"]
[Site "Bodenmais"]
[Date "2019.07.28"]
[Round "2.19"]
[White "Riha, Peter"]
[Black "Steinbach, Peter"]
[Result "0-1"]
[WhiteElo "1720"]
[BlackElo "1958"]
[Annotator "NA RC"]
[PlyCount "26"]
[EventDate "2019.07.27"]
[EventType "swiss"]
[EventCountry "GER"]
[SourceTitle "playchess.com"]
[Source "ChessBase"]
[SourceQuality "1"]
[TimeControl "5400+30"]

1. d4 Nf6 2. c4 {[%emt 0:00:00]} e5 {[%emt 0:00:00]} 3. dxe5 {[%emt 0:00:00]} Ne4 {[%emt 0:00:00]} 4. a3 {[%emt 0:00:00]} d6 {[%emt 0:00:00]} 5. Nf3 {[%emt 0:00:00]} Bf5 {[%emt 0:00:00]} 6. Bf4 {[%emt 0:00:00]} Nc6 {[%emt 0:00:00]} 7. exd6 {[%emt 0:00:00]} Qf6 {[%emt 0:00:00]} 8. Qb3 {[%emt 0:00:00]} Bxd6 {[%emt 0:00:00]} 9. Bxd6 {[%emt 0:00:00]} Qxd6 {[%emt 0:00:00]} 10. Nc3 {[%emt 0:00:42]} Nc5 {[%emt 0:00:00]} 11. Qa2 {[%emt 0:02:42]} O-O-O {[%emt 0:00:00]} 12. e3 {[%emt 0:06:02]} Ne5 {[%emt 0:00:00]} 13. Nxe5 {[%emt 0:04:19]} Qd2# {[%emt 0:00:00]} 0-1

[Event "7. Arber-Senioren-Cup 2019"]
[Site "Bodenmais"]
[Date "2019.07.28"]
[Round "2.20"]
[White "Schwalb, Manfred"]
[Black "Boldt, Heinrich"]
[Result "1-0"]
[WhiteElo "1965"]
[BlackElo "1803"]
[Annotator "NA RC"]
[PlyCount "47"]
[EventDate "2019.07.27"]
[EventType "swiss"]
[EventCountry "GER"]
[SourceTitle "playchess.com"]
[Source "ChessBase"]
[SourceQuality "1"]
[TimeControl "5400+30"]

1. e4 {[%emt 0:00:00]} d6 {[%emt 0:00:00]} 2. d4 {[%emt 0:00:00]} Nf6 {[%emt 0:00:00]} 3. Nc3 {[%emt 0:00:00]} e5 {[%emt 0:00:00]} 4. Nf3 {[%emt 0:00:00]} Nbd7 {[%emt 0:00:00]} 5. Bc4 {[%emt 0:00:00]} Be7 {[%emt 0:00:00]} 6. O-O {[%emt 0:00:00]} c6 {[%emt 0:00:00]} 7. a4 {[%emt 0:00:00]} O-O {[%emt 0:00:00]} 8. h3 {[%emt 0:00:00]} h6 {[%emt 0:00:00]} 9. Qe2 {[%emt 0:00:00]} Nh7 {[%emt 0:00:00]} 10. Rd1 {[%emt 0:00:00]} Qc7 {[%emt 0:00:00]} 11. Be3 {[%emt 0:00:00]} Kh8 {[%emt 0:00:00]} 12. g4 {[%emt 0:00:00]} Ndf6 {[%emt 0:00:00]} 13. Nd2 {[%emt 0:00:00]} exd4 {[%emt 0:00:00]} 14. Bxd4 {[%emt 0:00:00]} Be6 {[%emt 0:00:00]} 15. f4 {[%emt 0:01:40]} d5 {[%emt 0:09:20]} 16. e5 {[%emt 0:13:55]} dxc4 {[%emt 0:01:36]} 17. exf6 {[%emt 0:00:15]} Bxf6 {[%emt 0:01:04]} 18. Be3 {[%emt 0:08:18]} Bxc3 {[%emt 0:07:23]} 19. bxc3 {[%emt 0:00:03]} b5 {[%emt 0:03:47]} 20. Qf2 {[%emt 0:04:03]} Nf6 {[%emt 0:08:45]} 21. f5 {[%emt 0:05:54]} Bd5 {[%emt 0:03:18]} 22. Bd4 {[%emt 0:00:26]} Ne4 {[%emt 0:10:08]} 23. Nxe4 {[%emt 0:00:20]} Bxe4 {[%emt 0:00:05]} 24. Qe3 {[%emt 0:00:57]} 1-0

[Event "7. Arber-Senioren-Cup 2019"]
[Site "Bodenmais"]
[Date "2019.07.28"]
[Round "2.21"]
[White "Meul, Willi"]
[Black "Auterhoff, Juergen"]
[Result "0-1"]
[WhiteElo "1904"]
[BlackElo "1673"]
[Annotator "NA RC"]
[PlyCount "91"]
[EventDate "2019.07.27"]
[EventType "swiss"]
[EventCountry "GER"]
[SourceTitle "playchess.com"]
[Source "ChessBase"]
[SourceQuality "1"]
[TimeControl "5400+30"]

1. d4 {[%emt 0:00:00]} Nf6 {[%emt 0:00:00]} 2. Bf4 {[%emt 0:00:00]} d5 {[%emt 0:00:00]} 3. e3 {[%emt 0:00:00]} Bf5 {[%emt 0:00:00]} 4. c4 {[%emt 0:00:00]} e6 {[%emt 0:00:00]} 5. Nc3 {[%emt 0:00:00]} Bd6 {[%emt 0:00:00]} 6. Bg3 {[%emt 0:00:00]} Bxg3 {[%emt 0:00:00]} 7. hxg3 {[%emt 0:00:00]} c6 {[%emt 0:00:00]} 8. Be2 {[%emt 0:00:00]} Nbd7 {[%emt 0:00:00]} 9. f4 {[%emt 0:00:00]} Ne4 {[%emt 0:00:00]} 10. Nxe4 {[%emt 0:00:00]} Bxe4 {[%emt 0:00:00]} 11. Nf3 {[%emt 0:00:00]} Nf6 {[%emt 0:00:00]} 12. Qd2 {[%emt 0:00:00]} Qb6 {[%emt 0:00:00]} 13. c5 {[%emt 0:00:00]} Qc7 {[%emt 0:00:00]} 14. Rh4 {[%emt 0:00:00]} Bxf3 {[%emt 0:07:10]} 15. gxf3 {[%emt 0:00:00]} h5 {[%emt 0:07:23]} 16. g4 {[%emt 0:00:00]} g5 {[%emt 0:00:19]} 17. Rh3 {[%emt 0:00:00]} gxf4 {[%emt 0:05:53]} 18. exf4 {[%emt 0:00:00]} O-O-O {[%emt 0:01:57]} 19. g5 {[%emt 0:00:00]} Nd7 {[%emt 0:01:42]} 20. Bd3 {[%emt 0:03:09]} f5 {[%emt 0:07:30]} 21. b4 {[%emt 0:02:11]} Nf8 {[%emt 0:03:27]} 22. Qe3 {[%emt 0:04:49]} Qd7 {[%emt 0:02:14]} 23. Kf2 {[%emt 0:04:18]} Ng6 {[%emt 0:01:03]} 24. a4 {[%emt 0:01:58]} Rde8 {[%emt 0:06:20]} 25. b5 {[%emt 0:01:15]} Qc7 {[%emt 0:01:55]} 26. bxc6 {[%emt 0:03:32]} bxc6 {[%emt 0:01:15]} 27. Ba6+ {[%emt 0:01:05]} Kd7 {[%emt 0:00:24]} 28. Rb1 {[%emt 0:02:43]} Rb8 {[%emt 0:00:12]} 29. Rhh1 {[%emt 0:00:36]} Nxf4 {[%emt 0:04:10]} 30. Qe5 {[%emt 0:09:39]} Qxe5 {[%emt 0:03:53]} 31. dxe5 {[%emt 0:00:09]} Kc7 {[%emt 0:02:51]} 32. Kg3 {[%emt 0:02:09]} Ng6 {[%emt 0:01:29]} 33. f4 {[%emt 0:00:20]} Rxb1 {[%emt 0:00:36]} 34. Rxb1 {[%emt 0:00:28]} Rb8 {[%emt 0:00:18]} 35. Rxb8 {[%emt 0:02:04]} Kxb8 {[%emt 0:00:02]} 36. Be2 {[%emt 0:00:18]} h4+ {[%emt 0:01:59]} 37. Kf3 {[%emt 0:00:07]} d4 {[%emt 0:02:20]} 38. Bc4 {[%emt 0:00:36]} h3 {[%emt 0:01:49]} 39. Bf1 {[%emt 0:02:22]} h2 40. Kg2 {[%emt 0:00:29]} Nxf4+ {[%emt 0:08:44]} 41. Kxh2 {[%emt 0:00:07]} d3 {[%emt 0:02:33]} 42. Bxd3 {[%emt 0:00:14]} Nxd3 {[%emt 0:00:08]} 43. g6 {[%emt 0:00:05]} Nxe5 {[%emt 0:00:12]} 44. g7 {[%emt 0:00:40]} Ng4+ {[%emt 0:00:07]} 45. Kg3 {[%emt 0:00:08]} Nf6 {[%emt 0:01:17]} 46. Kh4 0-1

[Event "7. Arber-Senioren-Cup 2019"]
[Site "Bodenmais"]
[Date "2019.07.28"]
[Round "2.22"]
[White "Wittkugel, Friedhelm"]
[Black "Gottwald, Helmut"]
[Result "0-1"]
[WhiteElo "1920"]
[BlackElo "1579"]
[Annotator "NA RC"]
[PlyCount "118"]
[EventDate "2019.07.27"]
[EventType "swiss"]
[EventCountry "GER"]
[SourceTitle "playchess.com"]
[Source "ChessBase"]
[SourceQuality "1"]
[TimeControl "5400+30"]

1. d4 {[%emt 0:00:00]} Nf6 {[%emt 0:00:00]} 2. Bg5 {[%emt 0:00:00]} e6 {[%emt 0:00:00]} 3. e4 {[%emt 0:00:00]} h6 {[%emt 0:00:00]} 4. Bxf6 {[%emt 0:00:00]} Qxf6 {[%emt 0:00:00]} 5. Nf3 {[%emt 0:00:00]} Qd8 {[%emt 0:00:00]} 6. Bd3 {[%emt 0:00:00]} c5 {[%emt 0:00:00]} 7. d5 {[%emt 0:00:00]} b6 {[%emt 0:00:00]} 8. O-O {[%emt 0:00:00]} Bb7 {[%emt 0:00:00]} 9. c4 {[%emt 0:00:00]} Be7 {[%emt 0:00:00]} 10. Nc3 {[%emt 0:00:00]} O-O {[%emt 0:00:00]} 11. Bc2 {[%emt 0:00:00]} d6 {[%emt 0:00:00]} 12. e5 {[%emt 0:00:00]} dxe5 {[%emt 0:00:00]} 13. Nxe5 {[%emt 0:00:00]} exd5 {[%emt 0:00:00]} 14. Qd3 {[%emt 0:00:00]} f5 {[%emt 0:00:00]} 15. cxd5 {[%emt 0:00:00]} Nd7 {[%emt 0:00:37]} 16. Ng6 {[%emt 0:00:00]} Rf6 {[%emt 0:05:28]} 17. Nxe7+ {[%emt 0:00:00]} Qxe7 {[%emt 0:00:19]} 18. Rfe1 {[%emt 0:00:00]} Qd8 {[%emt 0:04:44]} 19. Qh3 {[%emt 0:02:59]} Nf8 {[%emt 0:07:25]} 20. Re5 {[%emt 0:03:42]} Ng6 {[%emt 0:11:42]} 21. Ree1 {[%emt 0:08:27]} Bc8 {[%emt 0:21:16]} 22. Rad1 {[%emt 0:07:14]} Bd7 {[%emt 0:05:05]} 23. a4 {[%emt 0:04:58]} Qf8 {[%emt 0:07:25]} 24. Qf3 {[%emt 0:01:20]} Re8 {[%emt 0:07:31]} 25. g3 {[%emt 0:06:42]} Rxe1+ {[%emt 0:05:19]} 26. Rxe1 {[%emt 0:00:08]} Qd6 {[%emt 0:05:07]} 27. h4 {[%emt 0:04:02]} Rf7 {[%emt 0:04:02]} 28. h5 {[%emt 0:03:25]} Re7 {[%emt 0:03:40]} 29. Rxe7 {[%emt 0:06:29]} Nxe7 {[%emt 0:00:10]} 30. Bd3 {[%emt 0:02:01]} Qe5 {[%emt 0:04:40]} 31. Qe2 {[%emt 0:04:27]} Qxe2 {[%emt 0:01:34]} 32. Bxe2 {[%emt 0:00:06]} Nc8 {[%emt 0:02:21]} 33. f4 {[%emt 0:01:07]} Kf7 {[%emt 0:00:35]} 34. Kf2 {[%emt 0:00:27]} Ke7 {[%emt 0:02:14]} 35. Ke3 {[%emt 0:00:49]} Kd6 {[%emt 0:00:24]} 36. b3 {[%emt 0:00:53]} Ne7 {[%emt 0:00:23]} 37. Bf3 {[%emt 0:00:46]} Be8 {[%emt 0:00:39]} 38. Kd3 {[%emt 0:00:42]} a6 {[%emt 0:00:50]} 39. g4 {[%emt 0:02:59]} fxg4 {[%emt 0:01:43]} 40. Bxg4 {[%emt 0:02:25]} Bf7 {[%emt 0:00:18]} 41. Bf3 {[%emt 0:06:03]} Nxd5 {[%emt 0:01:52]} 42. Ne4+ {[%emt 0:01:37]} Kc7 {[%emt 0:00:52]} 43. f5 {[%emt 0:01:11]} Nf6 {[%emt 0:00:25]} 44. Nxf6 {[%emt 0:00:59]} gxf6 {[%emt 0:00:06]} 45. Bd1 {[%emt 0:00:42]} Kd6 {[%emt 0:00:20]} 46. Ke4 {[%emt 0:00:26]} Bd5+ {[%emt 0:00:59]} 47. Kf4 {[%emt 0:00:05]} b5 {[%emt 0:00:32]} 48. axb5 {[%emt 0:00:17]} axb5 {[%emt 0:00:13]} 49. Bc2 {[%emt 0:00:48]} b4 {[%emt 0:00:22]} 50. Bd1 {[%emt 0:01:18]} c4 {[%emt 0:00:16]} 51. bxc4 {[%emt 0:00:22]} Bxc4 {[%emt 0:00:08]} 52. Bc2 {[%emt 0:00:20]} b3 {[%emt 0:00:44]} 53. Bb1 {[%emt 0:00:14]} Kc5 {[%emt 0:00:26]} 54. Ke4 {[%emt 0:00:19]} Bf7 {[%emt 0:00:27]} 55. Kd3 {[%emt 0:03:09]} Bxh5 {[%emt 0:00:08]} 56. Kc3 {[%emt 0:00:09]} Bf7 {[%emt 0:00:09]} 57. Bd3 {[%emt 0:00:53]} Kd6 {[%emt 0:00:35]} 58. Bf1 {[%emt 0:02:05]} Ke5 {[%emt 0:00:15]} 59. Bh3 {[%emt 0:00:09]} Bd5 {[%emt 0:00:55]} 0-1

[Event "7. Arber-Senioren-Cup 2019"]
[Site "Bodenmais"]
[Date "2019.07.28"]
[Round "2.23"]
[White "Benischek, Wolfgang"]
[Black "Luebbers, Doris"]
[Result "1-0"]
[WhiteElo "2022"]
[BlackElo "1514"]
[Annotator "NA RC"]
[PlyCount "93"]
[EventDate "2019.07.27"]
[EventType "swiss"]
[EventCountry "GER"]
[SourceTitle "playchess.com"]
[Source "ChessBase"]
[SourceQuality "1"]
[TimeControl "5400+30"]

1. e4 {[%emt 0:00:00]} e5 {[%emt 0:00:00]} 2. Nf3 {[%emt 0:00:00]} d6 {[%emt 0:00:00]} 3. d4 {[%emt 0:00:00]} exd4 {[%emt 0:00:00]} 4. Nxd4 {[%emt 0:00:00]} Be7 {[%emt 0:00:00]} 5. Nc3 {[%emt 0:00:00]} Nf6 {[%emt 0:00:00]} 6. f3 {[%emt 0:00:00]} a6 {[%emt 0:00:00]} 7. a4 {[%emt 0:00:00]} b6 {[%emt 0:00:00]} 8. Be3 {[%emt 0:00:00]} Bb7 {[%emt 0:00:00]} 9. Nf5 {[%emt 0:00:00]} O-O {[%emt 0:00:00]} 10. Qd2 {[%emt 0:00:00]} Nbd7 {[%emt 0:00:00]} 11. h4 {[%emt 0:00:00]} Re8 {[%emt 0:00:00]} 12. O-O-O {[%emt 0:00:00]} Bf8 {[%emt 0:00:00]} 13. Bg5 {[%emt 0:00:17]} h6 {[%emt 0:00:00]} 14. Bc4 {[%emt 0:05:47]} Ne5 {[%emt 0:00:00]} 15. Ba2 {[%emt 0:05:36]} Bc8 {[%emt 0:00:00]} 16. Nxh6+ {[%emt 0:07:05]} gxh6 {[%emt 0:00:00]} 17. Bxh6 {[%emt 0:00:56]} Kh7 {[%emt 0:00:00]} 18. Bg5 {[%emt 0:01:18]} Be6 {[%emt 0:00:00]} 19. Qf4 {[%emt 0:10:48]} Bg7 {[%emt 0:00:00]} 20. g4 {[%emt 0:05:50]} Bxa2 {[%emt 0:00:00]} 21. Nxa2 {[%emt 0:00:12]} Rh8 {[%emt 0:00:00]} 22. Nc3 {[%emt 0:00:40]} Kg8 {[%emt 0:02:00]} 23. h5 {[%emt 0:00:51]} Rh7 {[%emt 0:04:59]} 24. h6 {[%emt 0:02:57]} Bh8 {[%emt 0:02:28]} 25. Qg3 {[%emt 0:04:41]} Qe8 {[%emt 0:02:45]} 26. f4 {[%emt 0:07:52]} Ng6 {[%emt 0:06:54]} 27. Rhe1 {[%emt 0:00:24]} Qf8 {[%emt 0:03:47]} 28. e5 dxe5 {[%emt 0:03:03]} 29. fxe5 {[%emt 0:02:21]} Ne8 {[%emt 0:02:11]} 30. Nd5 {[%emt 0:01:36]} Qc5 {[%emt 0:04:16]} 31. Be3 {[%emt 0:05:58]} Qc6 {[%emt 0:03:03]} 32. Bg5 {[%emt 0:00:47]} Qe6 {[%emt 0:02:29]} 33. Kb1 {[%emt 0:08:54]} Rb8 34. Re2 {[%emt 0:04:58]} c6 {[%emt 0:08:45]} 35. Nf4 {[%emt 0:01:33]} Nxf4 {[%emt 0:00:33]} 36. Bxf4 {[%emt 0:00:15]} Rc8 {[%emt 0:04:50]} 37. Qe3 {[%emt 0:03:45]} c5 {[%emt 0:01:47]} 38. g5 {[%emt 0:00:18]} Rc6 {[%emt 0:04:59]} 39. Rd8 {[%emt 0:01:54]} Rc8 {[%emt 0:00:50]} 40. Rxc8 {[%emt 0:01:59]} Qxc8 {[%emt 0:00:14]} 41. e6 {[%emt 0:00:18]} Qxe6 {[%emt 0:06:15]} 42. Qd3 {[%emt 0:00:39]} Qc8 {[%emt 0:02:13]} 43. Qxa6 {[%emt 0:00:24]} Qc6 {[%emt 0:03:45]} 44. Qb7 {[%emt 0:00:55]} Qxa4 {[%emt 0:01:52]} 45. Qc8 {[%emt 0:00:32]} f5 {[%emt 0:01:55]} 46. Rxe8+ {[%emt 0:00:53]} Kf7 47. Qe6# 1-0